Alle Queen-Songs vom Drummer Roger Taylor - Statistiken

Allgemein
  • Dieses Quiz wurde 26 mal gespielt
  • Das Durchschnittsergebnis liegt bei 9 aus 34
Antwortstatistiken
Album Song % Korrekt
A Night At The Opera (1975) I'm In Love With My Car
95%
A Kind Of Magic (1986) A Kind Of Magic
68%
The Works (1984) Radio Ga Ga
68%
A Day At The Races (1976) Drowse
47%
Queen (1973) Modern Times Rock 'n' Roll
47%
Jazz (1978) Fun It
42%
Innuendo (1991) These Are The Days Of Our Lives
42%
The Game (1980) Rock It (Prime Jive)
37%
Sheer Heart Attack (1974) Tenement Funster
37%
The Miracle (1989) The Invisible Man
37%
Innuendo (1991, Co-Autor: Freddie Mercury) Innuendo
32%
A Kind Of Magic (1986, Überarbeitet von allen Queen-Mitgliedern) One Vision
32%
News Of The World (1977) Sheer Heart Attack
32%
The Miracle (1989, Co-Autor: Freddie Mercury) Breakthru
26%
News Of The World (1977) Fight From The Inside
26%
Jazz (1978) More Of That Jazz
26%
Queen II (1974) The Loser In The End
26%
Hot Space (1982) Action This Day
21%
Hot Space (1982) Calling All Girls
21%
The Game (1980) Coming Soon
21%
A Kind Of Magic (1986) Don't Lose Your Head
21%
The Works (1984, Co-Autor: Brian May) Machines (Or Back To Humans)
21%
Innuendo (1991) Ride The Wild Wind
11%
The Cosmos Rocks (2008) C-lebrity
5%
The Cosmos Rocks (2008) Cosmos Rockin'
5%
Made In Heaven (1995) Heaven For Everyone
5%
Flash Gordon (1980) In The Death Cell (Love Theme Reprise)
5%
Flash Gordon (1980) In The Space Capsule (The Love Theme)
5%
The Cosmos Rocks (2008) Small
5%
The Cosmos Rocks (2008) Small Reprise
5%
Flash Gordon (1980) Escape From The Swamp
0%
Flash Gordon (1980, Co-Autor: Brian May) Marriage Of Dale And Ming (And Flash Approaching)
0%
The Cosmos Rocks (2008) Say It's Not True
0%
The Cosmos Rocks (2008) Surf's Up...School's Out
0%
Keine übereinstimmenden Quizze gefunden
Verteilung der Resultate
Anzahl Personen mit jedem Resultat
Perzentil nach korrekt beantworteten Fragen
Ihre Resultats-Entwicklung
Sie haben dieses Quiz noch nicht gespielt